Language Quiz

Random Language or Letter Quiz

Ends with 'Z' (Four Letters) Quiz Stats

Quiz Updated Nov 11, 2016

Challenge
Share
Tweet
Embed
Score 0/21 Timer 05:00
6 Plays Today
Clue Answer % Correct
You are doing one right nowQuiz
93%
Peach covering, or 60s slang for the policeFuzz
92.5%
Effervesce, like soda popFizz
89.4%
Singer Taio and actress Penélope share this surnameCruz
89.2%
Nickname for Henry Winkler's Happy Days roleFonz
84.1%
Dizzy Gillespie's musical fieldJazz
81.8%
Cracker named for a swanky hotelRitz
80.8%
Supergroup that never was - Heavy D and the ____ II MenBoyz
75.3%
Drew Carey's beer or Homer Simpson's colaBuzz
71.6%
'I'm Yours' was a 2008 hit for singer JasonMraz
70%
To whir through the air, or someone who is easily successfulWhiz
69%
Clue Answer % Correct
Ferdinand de Lesseps' canal, opened in 1869Suez
67.8%
German engineer who got his first automobile patent in 1886Benz
53.4%
Female lead in The Green Hornet and Being John MalkovichDiaz
48.8%
DreamWorks movie featuring Woody Allen and Sly StalloneAntz
48.1%
Joan's biggest hit song begins 'Virgil Caine is my name...'Baez
43.9%
Boston Marathon cheater Rosie or former Phillies catcher CarlosRuiz
43.4%
Jump in which a skater takes off from one skate,
rotates, and lands on the other
Lutz
42.6%
Ansari of 'Master of None'Aziz
36.7%
Former relief pitcher JJ is no schmuck, though he's named like onePutz
36.1%
Second largest city in AustriaGraz
13.7%

You're not logged in!

Compare scores with friends on all Sporcle quizzes.
Join for Free
OR
Log In

You Might Also Like...

Show Comments

Extras

Top Quizzes Today


Score Distribution

Your Account Isn't Verified!

In order to create a playlist on Sporcle, you need to verify the email address you used during registration. Go to your Sporcle Settings to finish the process.

Report this User

Report this user for behavior that violates our Community Guidelines.

Details: